| 000 | 00424nam a22001697a 4500 | ||
|---|---|---|---|
| 003 | OSt | ||
| 005 | 20180116192434.0 | ||
| 008 | 160830t xxu||||| |||| 00| 0 eng d | ||
| 020 | _a9789699995019 | ||
| 040 | _c0 | ||
| 082 | _a720.922 | ||
| 245 | 0 | 0 | _aMetropolitan studio of architecture. |
| 260 |
_aLahore: _bMSA-RI; _c2016. |
||
| 300 |
_a325 p.: _bill; _c13 cm. |
||
| 650 |
_aArchitects _yBiography _98679 |
||
| 942 |
_2ddc _cBK |
||
| 999 |
_c354203 _d354203 |
||